00545nam a2200157 a 450000100100000000500170001000800410002702000180006804000250008608200130011110000440012424500760016826000360024430000360028050000710031600004757520201002060621.0091113s2017 dr ac 000 0dspa d a9789945167840 aDO-SdBNPbspacBNPHU axxxbO491 aOlivo Cheriz, Bienvenido Nicanord1951-10aSánchez :bnotas para su historia /cBienvenido Nicanor Olivo Cheriz. aSanto Domingo :bBúho,c2017. a225 p. :bil., retrs. ;c23 cm. aIncluye datos biográficos del autor en la solapa de la cubierta.